Open Data Biblioteca Nacional de Portugal


República Portuguesa: Ministério da Cultura
Biblioteca Nacional de Portugal

Catálogo da BNP: acesso por Identificadores Unívocos
Registos Bibliográficos associados ao registo de autoridade

Etiqueta de registo: 00254nam 2200025 450
001 2283785
003 http://id.bnportugal.gov.pt/bib/catbnp/2283785
100 ## $a20260407d2025 k y0pory01030103ba
101 0# $aspa$deng
102 ## $aPT
105 ## $aa m 000yy
106 ## $ar
200 1# $aLingüística aplicada a la traducción$eanálisis pragmático de las formas de tratamiento en la novela de Rosa Montero, La buena suerte y su traducción en Portugal$fAndrea Rodríguez Iglesias$gorient. Rogelio Ponce de León Romeo
210 #9 $aPorto$c[s.n.],$d2025
215 ## $a224 p.$cil.$d30 cm
328 #1 $aTese dout. Ciências da Linguagem, Faculdade de Letras, Universidade do Porto, 2025
700 #1 $aRodríguez Iglesias,$bAndrea$31994859
702 #1 $aPonce de Léon Romeo,$bRogelio,$f1968-$4727$31208108
801 #0 $aPT$bBN$gRPC
966 ## $lBN$mFGMON$x1
971 ## $cssilva$d20260407

OpendataBNP@bnportugal.pt | Mais informação sobre acesso aos dados BNP